| 000 | 00563nam a2200169 i 4500 | ||
|---|---|---|---|
| 001 | 184572 | ||
| 003 | ES-MaACL | ||
| 005 | 20251003191815.0 | ||
| 008 | 151023s1919 sp |||| | spa d | ||
| 245 | 0 | 0 |
_aColección diplomática de Jaime I, el Conquistador _b: años 1217 á 1253 / _cpor A. Huici. |
| 260 |
_aValencia : _b[s.n.], _c1919 ( _fLa Voz Valenciana) |
||
| 300 |
_a2 v. ; _c23 cm. |
||
| 651 | 4 |
_aValencia (Reino)- _xHistoria. _99504 |
|
| 700 | 1 |
_aHuici Miranda, Ambrosio, _d1880-1973 _964662 |
|
| 852 |
_aES-MaACL _jF-182-83 |
||
| 999 |
_c184572 _d184572 |
||